Movies that Won Multiple Acting Oscars - Statistics

General Stats
  • This quiz has been taken 763 times
    113 since last reset
  • The average score is 24 of 41
Answer Stats
Acting Categories Year Oscar-Winning Actors Movie % Correct
Best Actor and Best Sup. Actor 2023 Cillian Murphy, Robert Downey Jr. Oppenheimer
92%
Best Actor and Best Actress 1991 Anthony Hopkins, Jodie Foster The Silence of the Lambs
91%
Best Actor and Best Sup. Actor 2013 Matthew McConaughey, Jared Leto Dallas Buyers Club
85%
Best Actor and Best Actress 1975 Jack Nicholson, Louise Fletcher One Flew Over the Cuckoo's Nest
85%
Best Actress and Best Sup. Actor 2022 Michelle Yeoh, Ke Huy Quan Everything Everywhere All at Once
82%
Best Actor and Best Sup. Actress 1979 Dustin Hoffman, Meryl Streep Kramer vs. Kramer
80%
Best Actress and Best Sup. Actor 2004 Hilary Swank, Morgan Freeman Million Dollar Baby
78%
Best Actor and Best Actress 1997 Jack Nicholson, Helen Hunt As Good as It Gets
76%
Best Actor and Best Sup. Actor 2003 Sean Penn, Tim Robbins Mystic River
76%
Best Actress and Best Sup. Actress 1998 Gwyneth Paltrow, Judi Dench Shakespeare in Love
73%
Best Actress and Best Sup. Actress 1939 Vivien Leigh, Hattie McDaniel Gone with the Wind
72%
Best Actor and Best Sup. Actress 1989 Daniel Day-Lewis, Brenda Fricker My Left Foot
72%
Best Actor and Best Sup. Actress 1954 Marlon Brando, Eva Marie Saint On the Waterfront
67%
Best Actress and Best Sup. Actor 2017 Frances McDormand, Sam Rockwell Three Billboards Outside Ebbing, Missouri
66%
Best Actor and Best Sup. Actor 1959 Charlton Heston, Hugh Griffith Ben-Hur
65%
Best Actress and Best Sup. Actress 1993 Holly Hunter, Anna Paquin The Piano
65%
Best Actress and Best Sup. Actor 1972 Liza Minnelli, Joel Grey Cabaret
63%
Best Actress and Best Sup. Actress 1987 Cher, Olympia Dukakis Moonstruck
61%
Best Actor and Best Actress 1976 Peter Finch, Faye Dunaway Network
59%
Best Actor and Best Actress 1981 Henry Fonda, Katharine Hepburn On Golden Pond
59%
Best Actor and Best Actress 1934 Clark Gable, Claudette Colbert It Happened One Night
56%
Best Sup. Actor and Best Sup. Actress 2010 Christian Bale, Melissa Leo The Fighter
56%
Best Sup. Actor and Best Sup. Actress 1986 Michael Caine, Dianne Wiest Hannah and Her Sisters
53%
Best Actress and Best Sup. Actor 1983 Shirley MacLaine, Jack Nicholson Terms of Endearment
53%
Best Sup. Actor and Best Sup. Actress 1961 George Chakiris, Rita Moreno West Side Story
53%
Best Actress and Best Sup. Actor 1951 Vivien Leigh, Karl Malden A Streetcar Named Desire
52%
Best Actor and Best Actress 1978 Jon Voight, Jane Fonda Coming Home
47%
Best Sup. Actor and Best Sup. Actress 1953 Frank Sinatra, Donna Reed From Here to Eternity
46%
Best Actor and Best Sup. Actor 1944 Bing Crosby, Barry Fitzgerald Going My Way
44%
Best Actor and Best Sup. Actor 1946 Fredric March, Harold Russell The Best Years of Our Lives
44%
Best Actress and Best Sup. Actress 1966 Elizabeth Taylor, Sandy Dennis Who's Afraid of Virginia Woolf?
43%
Best Actress and Best Sup. Actress 1942 Greer Garson, Teresa Wright Mrs. Miniver
41%
Best Actress and Best Sup. Actress 1962 Anne Bancroft, Patty Duke The Miracle Worker
41%
Best Actor and Best Sup. Actress 1949 Broderick Crawford, Mercedes McCambridge All the King's Men
38%
Best Actor and Best Sup. Actress 1960 Burt Lancaster, Shirley Jones Elmer Gantry
38%
Best Sup. Actor and Best Sup. Actress 1977 Jason Robards, Vanessa Redgrave Julia
35%
Best Actress and Best Sup. Actor 1963 Patricia Neal, Melvyn Douglas Hud
34%
Best Actor and Best Sup. Actress 1958 David Niven, Wendy Hiller Separate Tables
34%
Best Actress and Best Sup. Actress 1938 Bette Davis, Fay Bainter Jezebel
33%
Best Sup. Actor and Best Sup. Actress 1956 Red Buttons, Miyoshi Umeki Sayonara
32%
Best Sup. Actor and Best Sup. Actress 1971 Ben Johnson, Cloris Leachman The Last Picture Show
30%
No matching quizzes found
Score Distribution
Percent of People with Each Score
Percentile by Number Answered
Your Score History
You have not taken this quiz since the last reset